Alphabetical Sixsomes II Quiz Stats

Quiz Updated Jun 27, 2016

Challenge
Share
Tweet
Embed
Score 0/48 Timer 06:00
0 Plays Today
% Correct
Blue
86.4%
Red
85.5%
Green
85.3%
Yellow
84.6%
Sports & Leisure
84.4%
Arts & Literature
84%
Red Wings
83.7%
Orange
83.2%
Anger
82.4%
Science & Nature
82.3%
Canadiens
82.3%
Maple Leafs
81.4%
Entertainment
80.6%
Geography
80.5%
White
80.4%
Surprise
80.1%
Blackhawks
80%
History
79.4%
Rangers
79.4%
Sadness
79.1%
Wales
78.8%
Moore
78%
Happiness
77.7%
Protozoa
77.4%
% Correct
Scotland
77.3%
Italy
76.8%
England
76.6%
Bruins
76.1%
Fear
75.5%
Dalton
75%
Plantae
74.9%
Fungi
74.4%
France
74%
Ireland
73.8%
Eubacteria
73.4%
Archaebacteria
72.5%
Craig
72.5%
Connery
69.2%
Lazenby
69%
Disgust
68.8%
Down
68.4%
Brosnan
68.3%
Up
68.1%
Animalia
67.9%
Top
65.6%
Charm
60%
Strange
59.7%
Bottom
58.9%

You're not logged in!

Compare scores with friends on all Sporcle quizzes.
Sign Up with Email
OR
Log In

You Might Also Like...

Show Comments

Extras

Top Quizzes Today


Score Distribution

Your Account Isn't Verified!

In order to create a playlist on Sporcle, you need to verify the email address you used during registration. Go to your Sporcle Settings to finish the process.